000 00588nam a2200193Ia 4500
005 20250522104330.0
008 008 250516s9999 xx 000 0 eng d
020 _a9780821891773
040 _aSDCL
_beng
_cSDCL
041 _aeng
_2eng
084 _aB281, Q3
_qSDCL
100 _aBean, Michael A.
_9727739
245 0 _aProbability:
_bThe science of uncertainity with applications to investments, insurance and engineering
260 _aNew Delhi:
_bAmerican Mathematical Society,
_c2013.
300 _axiii,448p.
365 _aINR
_b0
650 _aMathematics
942 _cTEXL
999 _c1429968
_d1429968